000 00686cab a2200253 4500
001 ABS42759
008 090401t1990 xxu||||| |||| 00| 0 eng d
035 _a(Sirsi) u38732
041 _aeng
100 _aVan den Bos, J.
245 _aParis takes command
260 _c1990
350 _a0
490 _aWorld Property
_vMay 1990, 28-31(4)
520 _aReports on the Paris commercial property market , which in contrast to London, is booming and attracting many overseas investors.
650 _aDEVELOPMENT
650 _aFOREIGN
650 _aFRANCE
650 _aINVESTMENT
650 _aOFFICE
690 _aOVERSEAS-EUROPE
942 _n0
948 _c04/03/1997
999 _c24875
_d24875